000 00214nam a22000857a 4500
008 170302b xxu||||| |||| 00| 0 eng d
100 _93006
_aPaces.S.E
245 _aModern Short Story
260 _aNew Delhi
_bS.Chand
_c2010
999 _c6249
_d6249